<?xml version="1.0" encoding="UTF-8"?>
<record
    xmlns:xsi="http://www.w3.org/2001/XMLSchema-instance"
    xsi:schemaLocation="http://www.loc.gov/MARC21/slim http://www.loc.gov/standards/marcxml/schema/MARC21slim.xsd"
    xmlns="http://www.loc.gov/MARC21/slim">

  <leader>00620nam a22002057a 4500</leader>
  <controlfield tag="003">OSt</controlfield>
  <controlfield tag="005">20140310181803.0</controlfield>
  <controlfield tag="008">130704t        xxu||||| |||| 00| 0 eng d</controlfield>
  <datafield tag="020" ind1=" " ind2=" ">
    <subfield code="a">0877799172</subfield>
  </datafield>
  <datafield tag="050" ind1=" " ind2=" ">
    <subfield code="a">PC 2640 </subfield>
    <subfield code="b">.Ox98 2006</subfield>
  </datafield>
  <datafield tag="082" ind1=" " ind2=" ">
    <subfield code="b">REF 443 </subfield>
    <subfield code="a">Ox2 2006</subfield>
  </datafield>
  <datafield tag="245" ind1=" " ind2=" ">
    <subfield code="a">Oxford learner's French dictionary /</subfield>
  </datafield>
  <datafield tag="260" ind1=" " ind2=" ">
    <subfield code="a">New York : </subfield>
    <subfield code="b">Oxford University Press, </subfield>
    <subfield code="c">c2006.</subfield>
  </datafield>
  <datafield tag="300" ind1=" " ind2=" ">
    <subfield code="a">viii, 695 p. ;</subfield>
    <subfield code="c">20 cm.</subfield>
  </datafield>
  <datafield tag="520" ind1=" " ind2=" ">
    <subfield code="a">1. French language--Dictionaries--English.  2. English language--Dictionaries--French.  </subfield>
  </datafield>
  <datafield tag="521" ind1=" " ind2=" ">
    <subfield code="a">Basic Ed. Students</subfield>
  </datafield>
  <datafield tag="541" ind1=" " ind2=" ">
    <subfield code="g">15090</subfield>
    <subfield code="j">1</subfield>
  </datafield>
  <datafield tag="562" ind1=" " ind2=" ">
    <subfield code="e">1</subfield>
  </datafield>
  <datafield tag="942" ind1=" " ind2=" ">
    <subfield code="2">lcc</subfield>
    <subfield code="c">BK-GR</subfield>
    <subfield code="k">REF</subfield>
  </datafield>
  <datafield tag="999" ind1=" " ind2=" ">
    <subfield code="c">3693</subfield>
    <subfield code="d">3693</subfield>
  </datafield>
  <datafield tag="952" ind1=" " ind2=" ">
    <subfield code="0">0</subfield>
    <subfield code="1">0</subfield>
    <subfield code="2">lcc</subfield>
    <subfield code="4">0</subfield>
    <subfield code="a">LUX</subfield>
    <subfield code="b">LUX</subfield>
    <subfield code="c">REF</subfield>
    <subfield code="d">2013-07-04</subfield>
    <subfield code="l">0</subfield>
    <subfield code="o">PC 2640 .Ox98 2006</subfield>
    <subfield code="p">15090</subfield>
    <subfield code="r">2020-02-14 00:00:00</subfield>
    <subfield code="t">1</subfield>
    <subfield code="w">2013-07-04</subfield>
    <subfield code="y">BK</subfield>
  </datafield>
</record>
